000 00243 a2200097 4500
000 nam a22 7a 4500
005 20260302121556.0
100 _aLevitsky, Steven; Ziblatt, Daniel
_91123468
245 _aHow Democracies Die
942 _cTEXL
999 _c1688375
_d1688375